000 00336 a2200157 4500
001 67889
020 _a8535902689
040 _cAnchieta - Pituba
100 _aHammett, Dashiell
240 1 0 _aSeara vermelha
_lpor
245 1 0 _aSeara vermelha
300 _a260
362 0 _a2002
650 4 _aFicção norte-americana
942 _cBK
999 _c67889
_d67889